Anciens logos d’équipes nationales de football - Statistiques

Statistiques générales
  • Ce quiz a été pris 1 769 fois
  • Le résultat moyen est 14 sur 18
Statistiques - réponses
Par images Hint Réponse % Correct
1907-1919 France
99%
1974-1982 Italie
99%
1978-2019 Autriche
95%
1980-1983 Brésil
95%
1879-1950 Angleterre
94%
1916-1924 États-Unis
91%
1924 Allemagne
86%
1970-1992 Croatie
86%
1914-1966 Portugal
86%
1949-1975 Espagne
83%
1939-1945 Slovaquie
78%
1970-1979 Danemark
76%
1989-2005 Uruguay
73%
1930-1950 Pologne
60%
1951-1960 Hongrie
54%
1992-1997 Suisse
48%
1920-1950 Belgique
46%
1950-1969 Pays-Bas
45%
Aucun quiz correspondant
Distribution des résultats
% des personnes avec chaque résultat
Percentile par nombre de réponses
Votre historique - résultats
Vous n’avez pas pris ce quiz